00947nam a2200301 450000100040000000500170000400700040002100800040002501000170002902000320004602000180007803500230009604000310011904200080015005000210015808200140017910000210019324500350021425000120024926000600026130000350032150400510035665000220040765000190042965000250044885600810047385600910055400020141112090857.0000000 a 2006048161 a0125980639 (acidfree paper) a9780125980630 a(OCoLC)ocm69672100 aUOELcDLCdBAKERdC#PdDLC apcc00aQA273b.R82 200600a519.22221 aRoss, Sheldon M.10aSimulation /cSheldon M. Ross. a4th ed. aAmsterdam ;aBoston :bElsevier Academic Press,cc2006. axiii, 298 p. :bill. ;c24 cm. aIncludes bibliographical references and index. 0aRandom variables. 0aProbabilities. 0aComputer simulation.413Table of contents onlyuhttp://www.loc.gov/catdir/toc/fy0701/2006048161.html423Publisher descriptionuhttp://www.loc.gov/catdir/enhancements/fy0661/2006048161-d.html